00485nam a2200109Ia 4500008004100000050002400041100003100065245015100096260008600247300002000333521002200353140724s9999 xx 000 0 und d aLC 3981b.B225 2010 aBaranda, Miguel Kenneth D. 4aThe standards of special education centers in the philippines :ba case study of shine special education center inc. /cMiguel Kenneth D. Baranda. aLas Piñas, Philippines :bSouthville International School and Colleges,cc2010. a35 p. :c28 cm. aSpecial Education